00617nam a2200193Ia 4500008004100000020001800041050001400059100001700073245003100090245005000121260002900171260004300200260000900243300001400252300002500266300001000291999001900301952010300320180207s9999 xx 000 0 und d a9780802851109 bD111 1989 aDoney, Meryl aEars and the secret song / cMeryl Doney ; illustrated by William Geldart. aGrand Rapids, Michigan : bWilliam B. Eermans Publishing Company, c1989 aunpaged : bcolor illustration ; c24cm. c355366d355366 001040aSSISMbSSISMd2018-02-07l0oER D111 1989pSSISM4911r2018-02-07 00:00:00w2018-02-07yBK